000 00511nam a22002177a 4500
003 UA-OsUOA
001 48511
007 ta
008 20070907b un ||||| |||| 00| 0 ukr d
090 _a94
_bК53
942 _cBK
040 _aUA-OsUOA
_bukr
_cUA-OsUOA
_dUA-OsUOA
245 _aКнига пам'яти
300 _a300 с.
955 _a2
041 _aukr
080 _a94
260 _aК.
_c1999
650 7 _a9 Географія. Біографії. Історія
_2UDC
999 _c334611
_d334611